000 00442pab a2200157 454500
008 180718b2002 xxu||||| |||| 00| 0 eng d
100 _aStears, louw-Haardt
245 _aThe causes of marital breakdown among the diaspora of Muslims of Indian Origin
260 _c2002
300 _ap.378-403.
362 _aJul
650 _aFamily disorganization
700 _aKhan, Sultan
773 _aIndian Journal of Social Work
909 _a59330
999 _c59330
_d59330